| 000 | 00487cam a2200205 4500 | ||
|---|---|---|---|
| 008 | #DATE n2002 000 0 eng u | ||
| 020 | _a0421795506 | ||
| 035 | _a(Sirsi) u119164 | ||
| 041 | _aeng | ||
| 050 | _a348.41047 | ||
| 110 |
_aCurrent Law _92728 |
||
| 245 | _aCurrent Law case citator 1998-2001 | ||
| 260 |
_aLondon _bSweet & Maxwell _c2002 |
||
| 300 |
_axvi,1019p. _c26cm. |
||
| 350 | _a0 | ||
| 650 | _aCITATORS | ||
| 650 | _aLAW CASES | ||
| 690 | _aLAW | ||
| 942 | _n0 | ||
| 999 |
_c102264 _d102264 |
||